Ekonomicko-technické informácie v stavebníctve

Saved in:
Bibliographic Details
Format: Serial
Language:Slovak
Published: Bratislava CENEKON 1995
Subjects:
Tags: Add Tag
No Tags, Be the first to tag this record!

MARC

LEADER 00000nas2a2200000 4500
001 s102238
005 20240109100543.6
041 0 |a slo 
044 |a SK 
245 1 0 |a Ekonomicko-technické informácie v stavebníctve 
264 1 |a Bratislava  |b CENEKON  |c 1995 
300 |a 2 zv. 
773 0 |w eu_un_cat*s121043 
610 2 0 |a stavebníctvo 
610 2 0 |a informácie ekonomické